Strategic Managent : Competitiveness and Globalization (Record no. 9560)

MARC details
000 -LEADER
fixed length control field 00666nam a22002177a 4500
003 - CONTROL NUMBER IDENTIFIER
control field OSt
005 - DATE AND TIME OF LATEST TRANSACTION
control field 20251010152116.0
008 - FIXED-LENGTH DATA ELEMENTS--GENERAL INFORMATION
fixed length control field 251010b |||||||| |||| 00| 0 eng d
020 ## - INTERNATIONAL STANDARD BOOK NUMBER
International Standard Book Number 031404340
040 ## - CATALOGING SOURCE
Transcribing agency MUST
082 ## - DEWEY DECIMAL CLASSIFICATION NUMBER
Classification number 658.4 HIT 1995
100 ## - MAIN ENTRY--PERSONAL NAME
Personal name Hitt Mitcheal A
9 (RLIN) 19457
245 ## - TITLE STATEMENT
Title Strategic Managent : Competitiveness and Globalization
260 ## - PUBLICATION, DISTRIBUTION, ETC. (IMPRINT)
Place of publication, distribution, etc. New York
Name of publisher, distributor, etc. West Publishing Company
Date of publication, distribution, etc. c1995
300 ## - PHYSICAL DESCRIPTION
Extent xxiv,1103p. :
Other physical details col.pic and ill.
Dimensions 27cm
504 ## - BIBLIOGRAPHY, ETC. NOTE
Bibliography, etc includes name, company and subject indexes
630 ## - SUBJECT ADDED ENTRY--UNIFORM TITLE
Uniform title Strategic planning
9 (RLIN) 19458
630 ## - SUBJECT ADDED ENTRY--UNIFORM TITLE
Uniform title Industrial management
9 (RLIN) 19459
700 ## - ADDED ENTRY--PERSONAL NAME
Relator code Mitchael A. Hitt et..l
942 ## - ADDED ENTRY ELEMENTS (KOHA)
Source of classification or shelving scheme Dewey Decimal Classification
Koha item type Open Shelf
Holdings
Withdrawn status Lost status Source of classification or shelving scheme Damaged status Not for loan Home library Current library Date acquired Source of acquisition Inventory number Total Checkouts Full call number Barcode Date last seen Price effective from Koha item type
    Dewey Decimal Classification     MUST Main Library MUST Main Library 10/10/2025 Donation 03/18672   658.4 HIT 1995 2025-0118 10/10/2025 10/10/2025 Open Shelf